000 00720nam a22002417a 4500
003 UA-OsUOA
001 319
007 ta
008 20050525b un ||||| |||| 00| 0 ukr d
100 _aДмитрук А. В.
090 _a821.161.1
_bД53
942 _cBK
040 _aUA-OsUOA
_brus
_cUA-OsUOA
_dUA-OsUOA
245 _aМорская пена
_bфантаст. повесть
300 _a344 с.
955 _a3
041 _arus
080 _a821.161.1
260 _aК.
_bМолодь
_c1987
246 3 1 _aМорская пена. Передай другому. Земля необетованная
_n
650 7 _a82 Література. Літературознавство
_2UDC
999 _c286484
_d286484